| 000 | 00357nam a2200133Ia 4500 | ||
|---|---|---|---|
| 008 | 240624s9999 xx 000 0 und d | ||
| 041 | _aeng | ||
| 082 | _a658.4038 NAM | ||
| 100 | _aNAMBUDIRI M M G | ||
| 245 | _aINFORMATION MANAGEMENT FOR DECISION MAKI | ||
| 260 |
_c1999 _aNew Delhi _bAllied Publisher |
||
| 300 | _aviii, : 294 : p. : cm. ; 24 | ||
| 365 | _cRS | ||
| 999 |
_c3104 _d3104 |
||